Loading...
| Religion | 0 | 1 | 0 | 0 | 10 | 49 | 49.00 | 0 | 1 | 5.46 | 7.14 |
| Fine Arts - Classical Music | 0 | 1 | 0 | 0 | 10 | 84 | 84.00 | 0 | 0 | 2.76 | 5.00 |
| History - Other | 0 | 1 | 0 | 1 | 10 | 112 | 112.00 | 0 | 0 | 0.09 | 5.00 |
| Literature - World | 0 | 1 | 0 | 0 | 10 | 91 | 91.00 | 0 | 0 | 1.88 | 2.86 |
| Philosophy | 0 | 1 | 0 | 0 | 10 | 103 | 103.00 | 0 | 0 | 0.91 | 5.36 |
| Pop Culture | 0 | 1 | 0 | 0 | 10 | 49 | 49.00 | 1 | 1 | 9.50 | 16.67 |
| Painting/Sculpture | 0 | 0 | 0 | 0 | 0 | 0.00 | 0 | 0 | 0.00 | 0.00 | |
| Literature - European | 0 | 0 | 0 | 0 | 0 | 0.00 | 0 | 0 | 0.00 | 0.00 | |
| History - American | 0 | 0 | 1 | 0 | -5 | 0.00 | 0 | 0 | 0.00 | 0.00 | |
| Current Events | 0 | 0 | 1 | 0 | -5 | 0.00 | 0 | 0 | 0.00 | 0.00 |